|
|
|
|
| LEADER |
01306nam a2200325 a 4500 |
| 001 |
000329495 |
| 003 |
CZ BrMZK |
| 005 |
20070626142943.0 |
| 008 |
010907s1998 xr c p cze d |
| 015 |
|
|
|a cnb000369181
|
| 020 |
|
|
|a 80-7168-542-9
|
| 035 |
|
|
|a (OCoLC)40092482
|
| 040 |
|
|
|a BOA001
|b cze
|
| 072 |
|
7 |
|a 811.162.3
|x Čeština
|2 Konspekt
|9 11
|
| 072 |
|
7 |
|a 37.016
|x Učební osnovy. Vyučovací předměty. Učebnice
|2 Konspekt
|9 22
|
| 080 |
|
|
|a 811.162.3
|2 MRF
|
| 080 |
|
|
|a (075.2)
|2 MRF
|
| 080 |
|
|
|a (076.1)
|2 MRF
|
| 100 |
1 |
|
|a Polanská, Jiřina
|7 jx20040216031
|4 aut
|
| 245 |
1 |
0 |
|a Cvičebnice českého jazyka :
|b pracovní sešit pro 5. ročník základní školy : učebnice zpracována podle osnov vzdělávacího programu Základní škola /
|c [zpracovala:] Jiřina Polanská ; [ilustrovala Miroslava Jakešová]
|
| 250 |
|
|
|a 1. vyd.
|
| 260 |
|
|
|a Praha :
|b Fortuna,
|c 1998
|
| 300 |
|
|
|a 79 s. :
|b il. ;
|c 30 cm
|
| 650 |
0 |
7 |
|a čeština
|7 ph135292
|2 czenas
|
| 655 |
|
7 |
|a učebnice základních škol
|7 fd133773
|2 czenas
|
| 655 |
|
7 |
|a pracovní sešity
|7 fd133116
|2 czenas
|
| 700 |
1 |
|
|a Jakešová, Miroslava,
|d 1943-
|7 mzk2002156915
|4 ill
|
| 910 |
|
|
|a BOA001
|b PK-N-0033.982
|
| 990 |
|
|
|a BK
|
| 996 |
7 |
|
|b 3119013338
|c PK-N-0033.982
|l MZK
|r Sklad / do 1 hodiny
|n 14
|p p.v.
|w 000329495
|u 000010
|a 1
|e BOA001
|j MZK50
|s A
|